000 00830nam a2200313Ia 4500
001 Z_6451
003 CHAP
008 220113s9999 xx 000 0 und d
010 _a169713
020 _a978-1-84593-397-5 (papel alcalino)
040 _cCHAP
082 _a636.2 P45
100 _aPhillips, C. J. C.
_987804
245 _aPrinciples of cattle production /
_cClive J. C. Phillips
250 _a2a ed.
260 _aReino Unido :
_bCABI,
_c
300 _aix, 233 p.
503 _aej.1: consumo \ ej.2: consumo \ ej.3: consumo
504 _aIncluye bibliografía e índice
650 _aGanadería
_944604
650 _aGanado vacuno
_945425
650 _aGanado vacuno
_x
_x Produción
_9144823
901 _a636.2 P45
902 _aA
910 _a
942 _c1
942 _cc1
999 _c169713
_d169713